| 000 | 00716nam a2200193Ia 4500 | ||
|---|---|---|---|
| 003 | GCL | ||
| 008 | 140319s9999 xx 000 0 ara d | ||
| 040 |
_aGCL / _cGCL |
||
| 082 | 0 | 4 |
_aم _b348.02 _bأ ص |
| 100 | 1 | _aانور طلبة | |
| 245 | 1 | 0 |
_aالصيغ القانونية للصحف والاوراق القضائية وطلبات الشهر العقارى / _cانور طلبة |
| 260 |
_a[S.N] : _bمكتبه النهضه المصريه ، _c1994 |
||
| 300 |
_a3 مجلدات ؛ _c24سم |
||
| 650 | 0 | 4 | _aالمحاكم |
| 650 | 0 | 4 | _aالشهر العقارى |
| 650 | 0 | 4 | _aالقوانين والتشريعات |
| 650 | 0 | 4 | _aالشهر العقارى - قوانين وتشريعات |
| 942 |
_2ddc _cREF |
||
| 999 |
_c59501 _d59501 |
||